| 000 | 00397nam a22001457a 4500 | ||
|---|---|---|---|
| 999 |
_c4589 _d4589 |
||
| 008 | 200814b ||||| |||| 00| 0 eng d | ||
| 082 | 0 | 0 |
_a671 _bD3172 |
| 100 |
_93667 _a DeGarmo, E. Paul |
||
| 245 | 1 | 0 |
_aMaterials and processes in manufacturing _cby E. Paul DeGarmo |
| 260 |
_aNew York _bMacmillan _c1961 |
||
| 300 | _a170 p. | ||
| 365 | _d32.62 | ||
| 650 | 0 | _aManufacturing processes | |
| 942 | _cBK | ||